Významné speleoarcheologické lokality na Slovensku

Bibliographic Details
Other Authors: Šimková, Zuzana, (archeologička) 1974- (Compiler, Translator), Lázničková, Marianna (Compiler)
Format: Book
Language:Slovak
English
PhysicalDescription:75 s. fotogr. (prevažne fareb.), ilustr., mp. 23 cm
Published: Liptovský Mikuláš Slovenské múzeum ochrany prírody a jaskyniarstva 2017
ISBN:9788088924999
Subjects:

MARC

LEADER 00000cam a2200000 a 4500
001 vtls011722228
003 SK-MaSNL
005 20260426000429.0
008 200104s2017 xo oab g n 000 0 slo
015 |a SNBA2018/02 
020 |a 9788088924999  |q (brož.) 
035 |a urn:nbn:sk:snk-am00d0ph 
035 |a urn:nbn:sk:snk-am3hhpb 
035 |a E356DF2B-064B-4F82-AC65-348060B42870 
040 |a SNK  |b slo  |c SNK  |e AACR2 
041 0 |a slo  |a eng 
043 |a e-xo--- 
044 |a xo  |c SK 
072 7 |a 551  |x Geológia. Meteorológia. Klimatológia  |2 konspekt 
072 7 |a 902  |x Archeológia  |2 konspekt 
080 |a 551.442  |2 2011 
080 |a (437.6)  |2 2011 
080 |a (048.8)  |2 2011 
080 |a 902.035  |2 2011 
080 |a 902:904  |2 2011 
245 0 0 |a Významné speleoarcheologické lokality na Slovensku  |c [zostavil: Zuzana Šimková, Marianna Lázničková] 
246 1 1 |a Important speleoarcheological sites in Slovakia 
260 |a Liptovský Mikuláš  |b Slovenské múzeum ochrany prírody a jaskyniarstva  |c 2017 
300 |a 75 s.  |b fotogr. (prevažne fareb.), ilustr., mp.  |c 23 cm 
366 |e 2000 výtlačkov 
500 |a Tiráž aj anglická 
504 |a Bibliografia na strane 74-75 
546 |a Súbežný názov a text v angličtine 
650 0 7 |a jaskyne  |2 SNKPH  |9 20772 
650 0 7 |a speleoarcheológia  |2 SNKPH  |9 59279 
650 0 7 |a Caves  |2 SNKPHeng  |9 270892 
650 0 7 |a Speleoarchaeology  |2 SNKPHeng  |9 557678 
650 0 7 |a archeologické nálezy  |2 SNKPH  |9 4975 
650 0 7 |a Antiquities  |2 SNKPHeng  |9 101106 
651 7 |a Slovensko  |2 SNKPH  |9 14231 
651 7 |a Slovakia  |2 SNKPHeng  |9 92630 
655 7 |a monografie  |2 SNKPH  |9 70139 
655 7 |a Monographs  |2 SNKPHeng  |9 120675 
700 1 |a Šimková, Zuzana,  |c (archeologička)  |d 1974-  |4 com  |4 trl  |9 222407 
700 1 |a Lázničková, Marianna  |4 com  |9 70311 
852 |a Štátna vedecká knižnica v Banskej Bystrici 
919 |a 978-80-88924-99-9 
958 |a NB 
999 |c 855526  |d 857456 
952 |a SNK  |b SNK  |y VYP  |7 0  |p 17A1307057  |o snkSC 177545 D1  |i snk2018/670  |8 0  |0 0  |1 0  |4 0  |d 2018-01-11  |l 0  |r 2026-02-24 04:55:12  |w 2026-02-24 
952 |a SNK  |b SNK  |y PREZ  |7 0  |p 17A1307056  |o snkSC 177545  |i snk2018/669  |8 0  |0 0  |1 0  |4 0  |d 2018-01-11  |f 1  |l 0  |r 2025-09-18 00:00:00  |w 2026-02-24